[Event "Gatineau Pere Noel CEH-A"]
[Site "Gatineau"]
[Date "2017.12.19"]
[Round "3"]
[White "Jobin, Gilles G"]
[Black "Akrib, Fouad"]
[Result "1-0"]
[WhiteElo "1795"]
[BlackElo "1929"]
[PlyCount "121"]
[EventDate "2017.12.05"]
[EventType "swiss"]
[EventRounds "6"]
[EventCountry "CAN"]
[SourceTitle "EXT 2022"]
[Source "ChessBase"]
[SourceDate "2021.10.06"]
[SourceVersion "1"]
[SourceVersionDate "2021.10.06"]
[SourceQuality "1"]

1. Nf3 b6 2. g3 Bb7 3. Bg2 e5 4. d3 f5 5. e4 fxe4 6. Nxe5 Nf6 7. 0-0 Qe7 8. Ng4 d5 9. Nxf6+ gxf6 10. Qh5+ Qf7 11. Qxf7+ Kxf7 12. dxe4 dxe4 13. Nc3 f5 14. Bf4 Bg7 15. Rad1 Re8 16. Bxc7 Rc8 17. Bf4 Bxc3 18. bxc3 Rxc3 19. Rd8 Rc8 20. Rxc8 Bxc8 21. f3 e3 22. Bxe3 Na6 23. f4 Rb8 24. Bd5+ Be6 25. Bxe6+ Kxe6 26. a3 Rc8 27. Rf2 Rc3 28. Bc1 Nc5 29. Re2+ Ne4 30. g4 Rc4 31. g5 Rd4 32. Re1 Rc4 33. Re2 b5 34. Bb2 a5 35. h4 Kf7 36. h5 b4 37. g6+ hxg6 38. hxg6+ Kxg6 39. Rg2+ Kh5 40. axb4 Rxb4 41. Ba3 Rb1+ 42. Kh2 a4 43. c4 Rb3 44. Be7 a3 45. Bf8 Nf6 46. Bg7 Ng4+ 47. Kh1 Rh3+ 48. Kg1 Ne3 49. Rg5+ Kh4 50. c5 Rg3+ 51. Kf2 Ng4+ 52. Kf1 Nh2+ 53. Ke2 Rb3 54. Rxf5 Kg4 55. Rf8 Nf3 56. c6 Rb6 57. c7 Rc6 58. c8Q+ Rxc8 59. Rxc8 Ng1+ 60. Ke3 Nh3 61. Be5 1-0

[Event "Gatineau Pere Noel CEH-A"]
[Site "Gatineau"]
[Date "2017.12.12"]
[Round "2"]
[White "Akrib, Fouad"]
[Black "Solunac, Stephen"]
[Result "1-0"]
[WhiteElo "1929"]
[BlackElo "1710"]
[PlyCount "37"]
[EventDate "2017.12.05"]
[EventType "swiss"]
[EventRounds "6"]
[EventCountry "CAN"]
[SourceTitle "EXT 2022"]
[Source "ChessBase"]
[SourceDate "2021.10.06"]
[SourceVersion "1"]
[SourceVersionDate "2021.10.06"]
[SourceQuality "1"]

1. e4 Nf6 2. d3 c5 3. Nf3 d6 4. g3 Nc6 5. Bg2 g6 6. 0-0 Bg7 7. c3 0-0 8. a4 e5 9. Nbd2 h6 10. Nh4 g5 11. Nf5 Bxf5 12. exf5 Qd7 13. Ne4 Rad8 14. Nxf6+ Bxf6 15. Qh5 Qxf5 16. Be4 Qe6 17. Qxh6 Rfe8 18. Bh7+ Kh8 19. Bf5+ 1-0

[Event "Gatineau Nouvel An"]
[Site "Gatineau"]
[Date "2016.01.12"]
[Round "2"]
[White "Jobin, Gilles G"]
[Black "Akrib, Fouad"]
[Result "0-1"]
[WhiteElo "1752"]
[BlackElo "1882"]
[PlyCount "46"]
[EventDate "2016.01.05"]
[EventType "swiss"]
[EventRounds "5"]
[EventCountry "CAN"]
[SourceTitle "EXT 2022"]
[Source "ChessBase"]
[SourceDate "2021.10.06"]
[SourceVersion "1"]
[SourceVersionDate "2021.10.06"]
[SourceQuality "1"]

1. e4 c5 2. c3 d5 3. exd5 Qxd5 4. d4 Nc6 5. Nf3 Bf5 6. Na3 a6 7. Bd3 Bxd3 8. Qxd3 cxd4 9. cxd4 e5 10. Nc2 Bb4+ 11. Kf1 e4 12. Qe3 Qc4+ 13. Kg1 Qxc2 14. Bd2 Bxd2 15. Nxd2 Nf6 16. h3 Rd8 17. Nb3 0-0 18. Kh2 Rfe8 19. Rhd1 Ne5 20. Qf4 Nd3 21. Rd2 Qxb3 22. Qxf6 Qxb2 23. Rxb2 gxf6 0-1

[Event "Gatineau Equipes"]
[Site "Gatineau"]
[Date "2015.11.03"]
[Round "3"]
[White "Akrib, Fouad"]
[Black "Jobin, Gilles G"]
[Result "1-0"]
[WhiteElo "1885"]
[BlackElo "1779"]
[PlyCount "65"]
[EventDate "2015.10.20"]
[EventType "team-swiss"]
[EventRounds "3"]
[EventCountry "CAN"]
[SourceTitle "EXT 2022"]
[Source "ChessBase"]
[SourceDate "2021.10.06"]
[SourceVersion "1"]
[SourceVersionDate "2021.10.06"]
[SourceQuality "1"]

1. d4 d6 2. Bg5 c5 3. d5 Qb6 4. Qc1 Nf6 5. Nc3 Bf5 6. f3 Nbd7 7. e4 Bg6 8. Bb5 a6 9. Bxd7+ Nxd7 10. Nge2 h6 11. Bh4 Bh7 12. 0-0 g5 13. Bg3 Bg7 14. f4 Bf6 15. Bf2 Qc7 16. a4 Nf8 17. Qe3 gxf4 18. Nxf4 Qd7 19. Nh5 Be5 20. Qf3 Bg6 21. Nf4 Bxf4 22. Qxf4 0-0-0 23. a5 e5 24. Qe3 Qg4 25. h3 Qg5 26. Qe1 Qe7 27. Bh4 Qd7 28. Na4 Qb5 29. Nb6+ Kc7 30. Bxd8+ Kxd8 31. Qh4+ Kc7 32. Qe7+ Nd7 33. c4 1-0

[Event "CEH-ch Releve I"]
[Site "Gatineau"]
[Date "2015.04.21"]
[Round "3"]
[White "Jobin, Gilles G"]
[Black "Akrib, Fouad"]
[Result "1-0"]
[WhiteElo "1753"]
[BlackElo "1781"]
[PlyCount "103"]
[EventDate "2015.04.07"]
[EventType "tourn"]
[EventRounds "6"]
[EventCountry "CAN"]
[SourceTitle "EXT 2016"]
[Source "ChessBase"]
[SourceDate "2015.10.08"]
[SourceVersion "1"]
[SourceVersionDate "2015.10.08"]
[SourceQuality "1"]

1. e4 d5 2. exd5 c6 3. dxc6 Nxc6 4. Nf3 Bg4 5. Bb5 Qc7 6. 0-0 0-0-0 7. Bxc6 Qxc6 8. Ne5 Bxd1 9. Nxc6 bxc6 10. Rxd1 e5 11. Re1 Bd6 12. Nc3 f5 13. d3 h6 14. g3 g5 15. Kg2 Nf6 16. f3 Rhg8 17. Be3 Kb7 18. Na4 Nd7 19. g4 Rde8 20. Bf2 h5 21. h3 hxg4 22. hxg4 fxg4 23. fxg4 Ref8 24. Bg3 Rf7 25. Nc3 Bb4 26. Rf1 Rgf8 27. Rxf7 Rxf7 28. Ne4 Be7 29. Rf1 Rxf1 30. Kxf1 Nf6 31. Nxf6 Bxf6 32. c3 Kc7 33. Ke2 Kd7 34. Ke3 Ke6 35. Ke4 a6 36. b4 Bg7 37. Bf2 Bf6 38. Bb6 Be7 39. a4 Bf6 40. Bc7 Bg7 41. Bd8 Bh6 42. c4 Bf8 43. b5 cxb5 44. cxb5 axb5 45. axb5 Bg7 46. b6 Bf8 47. Bxg5 Kd6 48. Be3 Bg7 49. Kf5 Kc6 50. Ke6 Bf8 51. g5 Bg7 52. Kf7 1-0

[Event "Gatineau Nez Rouge-A"]
[Site "Gatineau"]
[Date "2014.12.02"]
[Round "2"]
[White "Akrib, Fouad"]
[Black "Raymond, Daniel"]
[Result "1-0"]
[WhiteElo "1697"]
[BlackElo "1658"]
[PlyCount "65"]
[EventDate "2014.11.25"]
[EventType "swiss"]
[EventRounds "4"]
[EventCountry "CAN"]
[SourceTitle "EXT 2016"]
[Source "ChessBase"]
[SourceDate "2015.10.08"]
[SourceVersion "1"]
[SourceVersionDate "2015.10.08"]
[SourceQuality "1"]

1. e4 c5 2. Nf3 d6 3. d4 cxd4 4. Nxd4 Nf6 5. Nc3 g6 6. f3 Bg7 7. Be3 0-0 8. Be2 Nc6 9. Qd2 d5 10. Nxc6 bxc6 11. 0-0-0 e6 12. Bg5 Qa5 13. e5 Nd7 14. f4 Ba6 15. Bxa6 Qxa6 16. Kb1 Rab8 17. Be7 Rfc8 18. Ne4 Qb7 19. b3 Nxe5 20. Nf6+ Kh8 21. fxe5 Qxe7 22. Qg5 c5 23. Rd3 h5 24. g4 Bxf6 25. exf6 Qf8 26. gxh5 Qg8 27. hxg6 Qxg6 28. Rh3+ Kg8 29. Rg1 d4 30. Qc1 c4 31. Rxg6+ fxg6 32. Qh6 Kf7 33. Qg7+ 1-0

[Event "Gatineau Loisirs-A"]
[Site "Gatineau"]
[Date "2014.10.28"]
[Round "2"]
[White "Akrib, Fouad"]
[Black "Jobin, Gilles G"]
[Result "1-0"]
[WhiteElo "1667"]
[BlackElo "1753"]
[PlyCount "131"]
[EventDate "2014.10.21"]
[EventType "swiss"]
[EventRounds "4"]
[EventCountry "CAN"]
[SourceTitle "EXT 2016"]
[Source "ChessBase"]
[SourceDate "2015.10.08"]
[SourceVersion "1"]
[SourceVersionDate "2015.10.08"]
[SourceQuality "1"]

1. e4 d6 2. d4 Nf6 3. Bd3 e5 4. c3 c5 5. Ne2 Be7 6. 0-0 Bg4 7. f3 Bd7 8. d5 b5 9. b3 Na6 10. a4 Nc7 11. axb5 Bxb5 12. c4 Bd7 13. f4 0-0 14. fxe5 dxe5 15. Ng3 Nce8 16. Bb2 Qb8 17. Nd2 Ng4 18. Qe2 Bg5 19. Nf5 Bxf5 20. Rxf5 Bxd2 21. Qxd2 f6 22. Rb1 Nh6 23. Rh5 Nd6 24. Ba3 Qc8 25. h3 a5 26. Qf2 Nb7 27. Qh4 Nd6 28. Bc1 Ndf7 29. Be2 Ra6 30. Be3 f5 31. Qf2 Nd6 32. Bxh6 Nxe4 33. Qe3 Rxh6 34. Rxh6 gxh6 35. Qxh6 Rf6 36. Qe3 Rg6 37. Rf1 Ng3 38. Qxe5 Nxf1 39. Kxf1 Qf8 40. Bf3 Rd6 41. Qc3 Qd8 42. Qe3 Qc8 43. Qe7 Qd7 44. Qg5+ Kf8 45. Qe3 Qc8 46. Qc3 Kg8 47. Qxa5 Qb7 48. Qxc5 Qa6 49. Qd4 Rb6 50. Bd1 Rg6 51. Bf3 Rb6 52. Qc3 Qa3 53. Bd1 Qc5 54. Qe5 Qf8 55. Qd4 Qb4 56. Qe3 Rf6 57. Qg5+ Rg6 58. Qe3 Rf6 59. c5 f4 60. Qf2 Qe4 61. d6 Qd3+ 62. Qe2 Qd5 63. Qc4 Qxc4+ 64. bxc4 Kf8 65. Ba4 Kf7 66. c6 1-0

[Event "Gatineau Benevoles-B"]
[Site "Gatineau"]
[Date "2014.09.09"]
[Round "1"]
[White "Jobin, Gilles G"]
[Black "Akrib, Fouad"]
[Result "0-1"]
[WhiteElo "1801"]
[BlackElo "1600"]
[PlyCount "100"]
[EventDate "2014.09.09"]
[EventType "swiss"]
[EventRounds "5"]
[EventCountry "CAN"]
[SourceTitle "EXT 2016"]
[Source "ChessBase"]
[SourceDate "2015.10.08"]
[SourceVersion "1"]
[SourceVersionDate "2015.10.08"]
[SourceQuality "1"]

1. d4 Nf6 2. Nf3 d5 3. e3 Bg4 4. c4 Nbd7 5. Nc3 e6 6. Be2 c6 7. 0-0 Bd6 8. b3 0-0 9. Bb2 Rc8 10. Qc2 Bb8 11. h3 Bh5 12. e4 Bxf3 13. Bxf3 e5 14. Ne2 dxe4 15. Bxe4 Nxe4 16. Qxe4 f5 17. Qc2 e4 18. f4 Qh4 19. Qc3 Nf6 20. Qg3 Qh5 21. Rae1 Qf7 22. Qe3 a6 23. Ba3 Rfd8 24. Rd1 b5 25. Rc1 Ba7 26. Bb2 Rc7 27. Kh2 Rcd7 28. Rfd1 Qe6 29. g3 Nh5 30. Kg2 Qg6 31. Kh2 Qh6 32. Rg1 Nf6 33. Kg2 Qh5 34. Rc2 Qf7 35. Rd1 h6 36. Qc1 Qe6 37. d5 cxd5 38. Bxf6 gxf6 39. cxd5 Rxd5 40. Rxd5 Qxd5 41. Rc8 Bb6 42. Rxd8+ Bxd8 43. Qe3 Be7 44. Qd4 Qc6 45. Kf1 Bc5 46. Qc3 Qd5 47. Ke1 e3 48. Kf1 Qh1+ 49. Ng1 e2+ 50. Kxe2 Qxg1 0-1